Discorsi pronunziati nella seduta privata del giorno 16 febbraio 1806 dell'Accademia di scienze, lettere, agricoltura ed arti meccaniche del dipartimento del Mella

Guardado en:
Detalles Bibliográficos
Formato: Libro
Lenguaje:italiano
Publicado: Brescia Bettoni 1807
Catálogo:EDISCO:  Resultados de Búsqueda del Catálogo
Clasificación de libros de texto:
Etiquetas: Agregar Etiqueta
Sin Etiquetas, Sea el primero en etiquetar este registro!
Añadido a:2016-04-30
Cambiado en:2017-10-18

MARC

LEADER 00000aam a22000007 4500
001 06982
003 OSt
005 20171018095502.0
008 160501s1807 it 000 0 ita
040 |c Gianfranco Bandini - Firenze - CLIO 
041 1 |a ita 
245 0 0 |a Discorsi pronunziati nella seduta privata del giorno 16 febbraio 1806 dell'Accademia di scienze, lettere, agricoltura ed arti meccaniche del dipartimento del Mella 
260 |a Brescia  |b Bettoni  |c 1807 
300 |a 14, 1/x ;  
901 |a 7 
942 |2 ddc  |c BK 
546 |a ita 
999 |c 6971  |d 6971 
999 |c edisco:6971  |d 6971